| 000 | 00613nam a22001337a 4500 | ||
|---|---|---|---|
| 008 | 110413t xxu||||| |||| 00| 0 eng d | ||
| 111 |
_aProtocals additional to the Geneva Conventions _cGeneva _d12 August 1949 _91025 |
||
| 245 | _aProtocals additional to the Geneva Conventions : International Commettee of the Red Cross / | ||
| 250 | _a3rd ed. | ||
| 260 |
_aGeneva : _bInternational Commettee of the red Cross ; _c1977. |
||
| 300 |
_ax, 124p.; _bill; _c24 cm. |
||
| 942 |
_2ddc _cBK |
||
| 999 |
_c340 _d340 |
||